000 00242 a2200109 4500
001 57664
090 _c35345
_d35345
245 _aShaping Aluminum with hand tools, 100 min[DVD]
260 _bCovell
_c2005
500 _aCD/DVD
505 _aIE reference
942 _aNUST-CAE
999 _c292737
_d292737